| 000 | 00827nam0a2200277 4500 | ||
|---|---|---|---|
| 001 | RU\NLR\bibl\450590 | ||
| 005 | 20250623181521.0 | ||
| 010 |
_a5-7142-0407-7 _91000 |
||
| 021 |
_aRU _b2003-50685 _92449 |
||
| 035 | _a(NLR Aleph) 000444226 | ||
| 090 |
_a833267 _c833267 |
||
| 100 | _a20031023d2002 |||y0rusy50 ca | ||
| 101 | 0 | _arus | |
| 102 | _aRU | ||
| 105 | _aa ||||||||| | ||
| 200 | 1 |
_aВиражи жизни _e[Кн. стихов] _fП.В. Микитич |
|
| 210 |
_aШадринск _cИсеть _d2002 |
||
| 215 |
_a198 с. _cпортр. _d14 |
||
| 686 | _aШ6(2=Р)75-5 | ||
| 700 | 1 |
_aМикитич _bП. В. _gПавел Васильевич _4070 |
|
| 801 | 0 |
_aRU _bNLR _c20031023 _gPSBO |
|
| 801 | 1 |
_aRU _bNLR _c20031023 |
|
| 942 | _cBOOK | ||
| 980 | _aNB | ||